00549nam a2200169 450000500170000001000150001702000260003203500140005803700130007208200110008510000220009624500670011826000430018527000890022830000210031750000410033820191106115658.0 aENG-126827 c295.00a9789352966776 aEN-110359 bDBAD/PUB a230.64 aAggrawala, Gunjan aKumbh :cby Gunjan Aggrawalabfestival of cultural awakening / a New DelhibDiamond Pocket Booksc2019 msales@dpb.inaX-30, Okhla Industrial Area, Phase-IIbNew Delhie110020k011-40712200 a182p.c21cm(pbk) aIncludes bibliographical references